Statistics for Countries Sharing First and Last Letter with US States

Click here to take the quiz!

General Stats

  • This quiz has been taken 38 times
  • The average score is 30 of 62

Answer Stats

CountryCorresponding US State(s)% Correct
AlbaniaAlabama, Alaska, Arizona
84%
AustriaAlabama, Alaska, Arizona
84%
AustraliaAlabama, Alaska, Arizona
77%
GeorgiaGeorgia
77%
ArgentinaAlabama, Alaska, Arizona
74%
AlgeriaAlabama, Alaska, Arizona
71%
AndorraAlabama, Alaska, Arizona
71%
ArmeniaAlabama, Alaska, Arizona
71%
ChinaCalifornia
71%
IndiaIndiana, Iowa
71%
AngolaAlabama, Alaska, Arizona
68%
ColombiaCalifornia
68%
IndonesiaIndiana, Iowa
68%
Antigua and BarbudaAlabama, Alaska, Arizona
65%
OmanOregon
61%
CanadaCalifornia
58%
South KoreaSouth Carolina, South Dakota
55%
CubaCalifornia
52%
GhanaGeorgia
52%
GuineaGeorgia
52%
MauritaniaMinnesota, Montana
52%
MongoliaMinnesota, Montana
52%
South AfricaSouth Carolina, South Dakota
52%
LatviaLouisiana
48%
LithuaniaLouisiana
48%
NamibiaNebraska, Nevada, North Carolina, North Dakota
48%
North KoreaNebraska, Nevada, North Carolina, North Dakota
48%
CroatiaCalifornia
45%
GrenadaGeorgia
45%
GuyanaGeorgia
45%
HaitiHawaii
45%
LibyaLouisiana
45%
North MacedoniaNebraska, Nevada, North Carolina, North Dakota
45%
SlovakiaSouth Carolina, South Dakota
45%
SloveniaSouth Carolina, South Dakota
45%
CambodiaCalifornia
42%
GambiaGeorgia
42%
LiberiaLouisiana
42%
MalaysiaMinnesota, Montana
42%
MaldivesMassachusetts
42%
NigeriaNebraska, Nevada, North Carolina, North Dakota
42%
SomaliaSouth Carolina, South Dakota
42%
Costa RicaCalifornia
39%
MoldovaMinnesota, Montana
39%
NicaraguaNebraska, Nevada, North Carolina, North Dakota
39%
PanamaPennsylvania
39%
GuatemalaGeorgia
35%
MaliMississippi, Missouri
35%
MaltaMinnesota, Montana
35%
NorwayNew Jersey
35%
SerbiaSouth Carolina, South Dakota
35%
MalawiMississippi, Missouri
32%
VenezuelaVirginia
32%
MauritiusMassachusetts
29%
Papua New GuineaPennsylvania
29%
Marshall IslandsMassachusetts
26%
Saudi ArabiaSouth Carolina, South Dakota
26%
Sri LankaSouth Carolina, South Dakota
26%
St. LuciaSouth Carolina, South Dakota
26%
MozambiqueMaine
23%
SyriaSouth Carolina, South Dakota
23%
SamoaSouth Carolina, South Dakota
19%

Score Distribution

Percentile by Number Answered

Percent of People with Each Score

Your Score History

You have not taken this quiz